| 000 | 01372cam a22003857a 4500 | ||
|---|---|---|---|
| 003 | CHAP | ||
| 005 | 20220329142747.0 | ||
| 008 | 030613d1992 mx r 00110 spa d | ||
| 010 | _a87383 | ||
| 011 | _a88355 | ||
| 035 | _a98900 | ||
| 040 | _cCHAP | ||
| 090 | _aTesis | ||
| 100 | 0 | 0 |
_aRutiaga García, Sergio. _9100991 |
| 245 | 1 | 0 |
_aParticipación de la Unión de Ejidos y comunidades" Emiliano Zapata" en la región noroeste del estado de Durango _c/por Sergio Rutiaga García |
| 260 |
_aChapingo, Méx. : _bEl autor, _c1992. |
||
| 300 | _a59 h. | ||
| 502 | _aTesis (Ing. Agr. Esp. en Bosques) -- UACH. División de Ciencias Forestales | ||
| 590 |
_aALEPH _b10 _c20130110 _lUCH01 _h1454 |
||
| 590 |
_aBATCH-UPD _b10 _c20130110 _lUCH01 _h0827 |
||
| 590 |
_aBATCH-UPD _b10 _c20130410 _lUCH01 _h0505 |
||
| 590 |
_aBATCH-UPD _b10 _c20130914 _lUCH01 _h0824 |
||
| 590 |
_aCONVERSION _b10 _c20130109 _lUCH01 _h1348 |
||
| 650 | 1 | 4 |
_aCaminos forestales. _917874 |
| 650 | 1 | 4 |
_aCapacitación. _918690 |
| 650 | 1 | 4 |
_aEjidos _xDurango. _936014 |
| 650 | 1 | 4 |
_aMaterias primas. _972962 |
| 650 | 1 | 4 |
_aOrganización de productores. _983544 |
| 650 | 1 | 4 |
_aProductos forestales. _992059 |
| 901 | _aBK | ||
| 905 | _aAlejandra Carrasco M. | ||
| 942 | _cFOLL | ||
| 949 |
_aTesis _bBC _cTES _d33724000894960 _eTS2 _fc.2 _h41071 _i98900 _sb |
||
| 949 |
_aTesis _bBC _cTES _d989001 _eTS1 _h41070 _i98900 _sb |
||
| 999 |
_c87383 _d87383 |
||